000 00597nam a2200217Ii 4500
003 JO-AjNU
008 230606s9999||||xx |||||||||||||| ||und||
017 _a1428/1757
020 _a9960-9881-7-1
040 _aJO-AjNU
_beng
_erda
_cJO-AjNU
041 _aeng
050 1 4 _aBP166.2.2007
100 3 _aNaik,Zakir,
_eauthor
_93645
245 0 4 _aThe Concept of God in Major Religions
264 3 1 _aRiyadh:Maktaba Dar-Us-Salam,2007
300 _a63p
336 _atext
_btxt
_2rdacontent
337 _aunmediated
_bn
_2rdamedia
338 _avolume
_bnc
_2rdacarrier
650 4 _aGod-Allah
_93646
999 _aE1901
_c1901
_d1901